000 00431nam a22001817a 4500
003 NUST - PNEC
005 20170116180924.0
008 150905b xxu||||| |||| 00| 0 eng d
020 _a-
040 _cLIBRARY
082 _a621.3 GRE
100 _97924
_aGreen, W. G.
245 _aTheory of mechanics
_cW. G. Green
250 _a2nd ed.
260 _cc.1963
650 _97927
_bMechanical Engineering
_xME
942 _2ddc
_cBK
999 _c65706
_d65706